ბათუმის შოთა რუსთაველის სახელმწიფო უნივერსიტეტის ბიბლიოთეკა

ლეგენდა სიყვარულზე (ბიბ.ჩანაწერი № 48758)

000 -LEADER
fixed length control field 00779nam a2200205Ia 4500
001 - CONTROL NUMBER
control field 15659
003 - CONTROL NUMBER IDENTIFIER
control field GE_BSU
008 - FIXED-LENGTH DATA ELEMENTS--GENERAL INFORMATION
fixed length control field 181216s||||||||xx |||||||||||||| ||und||
040 ## - CATALOGING SOURCE
Transcribing agency GE_BSU
080 ## - UNIVERSAL DECIMAL CLASSIFICATION NUMBER
Universal Decimal Classification number 821.353.1-32
100 ## - MAIN ENTRY--PERSONAL NAME
Personal name ძირკვაძე, ნოდარ
245 ## - TITLE STATEMENT
Title ლეგენდა სიყვარულზე
245 ## - TITLE STATEMENT
Remainder of title მოთხრობები
260 ## - PUBLICATION, DISTRIBUTION, ETC.
Place of publication, distribution, etc. ბათუმი
260 ## - PUBLICATION, DISTRIBUTION, ETC.
Name of publisher, distributor, etc. საბჭ. აჭარა
260 ## - PUBLICATION, DISTRIBUTION, ETC.
Date of publication, distribution, etc. 1987
300 ## - PHYSICAL DESCRIPTION
Extent 104გვ. ; 20სმ.
653 ## - INDEX TERM--UNCONTROLLED
Uncontrolled term შუქი სიკეთისა; ლეგენდა სიყვარულზე; სოსანა; დედის ცრემლზე ამოსულაო ია ლამაზი; თალხი კაბა
942 ## - ADDED ENTRY ELEMENTS (KOHA)
Koha item type წიგნი
ეგზემპლარები
Withdrawn status Lost status Damaged status Not for loan Date acquired Barcode Date last seen Price effective from Koha item type
        2018-12-17 38704 2018-12-17 2018-12-17 წიგნი
        2018-12-17 38705 2018-12-17 2018-12-17 წიგნი
        2018-12-17 38706 2018-12-17 2018-12-17 წიგნი
        2018-12-17 38707 2018-12-17 2018-12-17 წიგნი
        2018-12-17 38708 2018-12-17 2018-12-17 წიგნი
        2018-12-17 38709 2018-12-17 2018-12-17 წიგნი